书目信息 |
| 题名: |
抗日战争时期的湖南战场
|
|
| 作者: | 罗玉明 著 | |
| 分册: | ||
| 出版信息: | 上海 学林出版社 2002 |
|
| 页数: | 429页 | |
| 开本: | 21cm | |
| 丛书名: | ||
| 单 册: | ||
| 中图分类: | K269.5 | |
| 科图分类: | ||
| 主题词: | 抗日战争--研究--湖南省 | |
| 电子资源: | ||
| ISBN: | 7-80668-328-3 | |
| 000 | 00571nam0 2200193 45 | |
| 001 | 0405251015 | |
| 005 | 20040203165047.4 | |
| 010 | @a7-80668-328-3@dCNY25.00 | |
| 100 | @a20040525d2002 km y0chiy0120 ea | |
| 101 | 0 | @achi |
| 105 | @a z 000yy | |
| 200 | 1 | @a抗日战争时期的湖南战场@AKang Ri Zhan Zheng Shi Qi De Hu Nan Zhan Chang@f罗玉明著@FLuo Yu Ming Zhu |
| 210 | @a上海@c学林出版社@d2002 | |
| 215 | @a429页@d21cm | |
| 606 | 0 | @a抗日战争@x研究@y湖南省 |
| 690 | @aK269.5@v4 | |
| 701 | 0 | @a罗玉明@4著 |
| 801 | @aCN@bTSTC@c20040525 | |
| 905 | @b333589-593@dK269.5@e40@f5 | |
| 抗日战争时期的湖南战场/罗玉明著.-上海:学林出版社,2002 |
| 429页;21cm |
| ISBN 7-80668-328-3:CNY25.00 |
| ● |
| 相关链接 |
|
|
|
|
正题名:抗日战争时期的湖南战场
索取号:K269.5/40
 
预约/预借
| 序号 | 登录号 | 条形码 | 馆藏地/架位号 | 状态 | 备注 |
| 1 | 0333589 | 203335890 | 第二借阅区/ [索取号:K269.5/40] | 在馆 | |
| 2 | 0333590 | 203335907 | 第二借阅区/ [索取号:K269.5/40] | 在馆 | |
| 3 | 0333591 | 203335916 | 第二借阅区/ [索取号:K269.5/40] | 在馆 | |
| 4 | 0333592 | 203335925 | 第二借阅区/ [索取号:K269.5/40] | 在馆 | |
| 5 | 0333593 | 203335934 | 第二样本阅览室/ [索取号:K269.5/40] | 在馆 |